000 00502nam a2200181Ia 4500
003 OSt
005 20260108114248.0
008 210210b1958 xxu||||| |||| 00| 0 eng d
040 _cAL
041 _aKannada
082 _a859/1191
100 _aBINDUMADHAVA KULAKARNI
_9146407
_dಬಿಂದುಮಾಧವ ಕುಲಕರ್ಣಿ
245 _aKalajyoti:
_bಕಲಾಜ್ಯೋತಿ
260 _aBengaluru
_b-
_c1958
690 _aKannada Fiction
_9146408
906 _a021934
942 _2ddc
_cBK
999 _c146040
_d146040